000 00838nam a2200217 a 4500
001 47672
003 BD-RjUL
005 20211209054351.0
008 160810s1967 bg ||||| |||| 00| f ben d
020 _c: Tk. 4.50
035 _a(BD-RjUL)47791
040 _aBD-RjUL
_bben
_cBD-RjUL
041 _aben
082 _223
_bTHS 1967
_a823
100 1 _aটমসন, লরেন্স
_9144850
245 1 0 _aস্কটল্যাণ্ড ইয়ার্ডের কাহিনী /
_cলরেন্স টমসন ; অনুবাদক, গোলাম গফূর
260 _aঢাকা :
_bনওরোজ কিতাবিস্তান,
_c১৯৬৭
300 _a[১২], ১৯২ পৃ. ;
_c২১ সেমি.
700 _aগফূর, গোলাম, অনুবাদক
_9144851
942 _2ddc
_cBK
999 _c47672
_d47672